000 00598nam a2200229Ia 4500
003 OSt
005 20220924152753.0
006 a|||||r|||| 00| 0
007 ta
008 220923b |||||||| |||| 00| 0 guj d
024 _a344307
037 _cTextual
040 _aARTS
_cARTS
_bguj
041 _2guj
_aguj
082 _aO155,3N05,12, 156J7
100 _aShirvrkar Vibhavari
_9227394
245 0 _aBalidan
260 _c1957
650 _aMARATHI LITERATURE
_938000
942 _hO155,3N05,12, 156J7
_cTEXL
_2CC
999 _c470892
_d470892